000 02410cam a22006134i 4500
003 PE-LiUPU
005 20250731170445.0
008 150706s2007 sp rb 000 0 spa d
020 _a9788436817812
035 _a(Sirsi) i9788436817812
040 _aPE-LiUPU
_bspa
_cPE-LiUPU
_erda
049 _aPRUA
082 0 4 _a159.922
_bC28
_221
100 1 _aCastillo Ceballos, Gerardo,
_eautor.
245 1 0 _aClaves para entender a mi hijo adolescente /
_cGerardo Castillo Ceballos.
264 1 _aMadrid :
_bPirámide,
_c[2007].
300 _a223 páginas ;
_c22 centímetros
336 _atext
_2rdacontent
337 _aunmediated
_2rdamedia
338 _avolume
_2rdacarrier
500 _aColección "Guías para padres y madres".
504 _aIncluye bibliografía.
505 0 _a¿Para qué sirve la adolescencia? -- La adolescencia: ¿una realidad o una fábula? -- La adolescencia: ¿avance o marcha atrás? -- Los hijos con adolescencia ampliada -- La aparición de la conducta personal -- En busca de la propia identidad -- Las tres adolescencias -- La adolescencia primera o pubertad -- La adolescencia intermedia -- La adolescencia superior o edad juvenil -- La vida del adolescente -- El adolescente y la vida familiar -- El adolescente y la vida de ocio -- El adolescente y la vida de estudio.
526 _aSEG68
526 _aSEG70
526 _aSEG69
526 _aSEG67
526 _aSEG43
526 _aP144
526 _aP143
526 _aP131
526 _aP122
526 _aP120
526 _aP117
526 _aP112
526 _aP110
526 _aP106
526 _aP101
526 _aP80
526 _aP59
526 _aP54
526 _aP35
526 _aP33
526 _aP30
541 _g001-0114464;
650 0 4 _aAdolescentes
_xPsicología.
650 0 4 _aEducación de adolescentes.
910 _blch
_clch
_d20090603
942 _2ddc
_cBOOK
949 _a159.922 C28
_wDEWEY
_c1
_i59694
_d2016-6-26
_e2016-6-23
_lCCODEBUL1
_mBUL
_n7
_p17.00
_r0
_sY
_tBOOK
_u2015-7-6
_xEDUCACION
_PP20
_0COMPRA
_o.STAFF. Colección General
994 _aC0
_bPEPRU
596 _a1
999 _a159.922 C28
_wDEWEY
_c49245
_i59694
_d49245
_e2017-10-29
_f2021-11-8
_g5
_lCCODEBUL1
_mBUL
_n8
_p17.00
_r0
_sY
_tBOOK
_u2015-7-6
_xEDUCACION
_PP20
_0COMPRA
_o.STAFF. Colección General
980 _81
_gALBERTO SANCHEZ Responsable de Automatización